书目信息 |
| 题名: |
恋爱中的爱因斯坦
|
|
| 作者: | 奥弗比 著 ;冯承天 , 涂泓 译 | |
| 分册: | ||
| 出版信息: | 上海 上海科技教育出版社 2016 |
|
| 页数: | 502页 | |
| 开本: | 23cm | |
| 丛书名: | ||
| 单 册: | ||
| 中图分类: | K837.126.11=532 , K837.126 | |
| 科图分类: | ||
| 主题词: | 物理学家--生平事迹--美国--现代 | |
| 电子资源: | ||
| ISBN: | 978-7-5428-6145-0 | |
| 000 | 01848nam0 2200325 450 | |
| 001 | 7031 | |
| 005 | 20180604162636.79 | |
| 010 | @a978-7-5428-6145-0@dCNY74.00 | |
| 100 | @a20160923d2016 em y0chiy50 ea | |
| 101 | 1 | @achi@ceng |
| 102 | @aCN@b310000 | |
| 105 | @ay z 000yd | |
| 200 | 1 | @a恋爱中的爱因斯坦@9lian ai zhong de ai yin si tan@e科学罗曼史@f(美)丹尼斯·奥弗比著@g冯承天,涂泓译 |
| 210 | @a上海@c上海科技教育出版社@d2016 | |
| 215 | @a502页@d23cm | |
| 300 | @a爱因斯坦书系 | |
| 312 | @a书名原文:Einstein in love: a scientific Romance | |
| 314 | @a丹尼斯·奥弗比 (Dennis Overbye),男,美国知名科普作家,《纽约时报》科学编辑,《时代》、《纽约时代杂志》科学作家,毕业于美国麻省理工学院物理系。 | |
| 330 | @a20世纪初是一个科学发现的时代,的爱因斯坦则是其中响亮的名字。他在那个激动人心的年代里作出了一系列影响深远的科学发现,先后创立狭义相对论和广义相对论,从根本上改变了物质、空间和时间的概念,解释了引力的本质,并首先窥见了原子中心的量子混沌。正是这些知识巨变的柱石成就了爱因斯坦,使他成为一代科学明星。与此对照的是,年轻时的爱因斯坦风流倜傥,先后与玛丽、米列娃、埃尔莎发生恋爱关系。她们相继走入爱因斯坦的情感世界,并对爱因斯坦的科学生活产生了重要影响,终促成了一部科学罗曼史。本书在新近发现的大量史料基础上写成,力图对青年时代的爱因斯坦进行完整的阐述,不但探索他神圣的一面,同时也描述他凡俗的一面,是一部融科学思想和个人情感于一体的独特作品。 | |
| 510 | 1 | @aEinstein in love@ea scientific Romance@zeng |
| 517 | 1 | @a科学罗曼史@9ke xue luo man shi |
| 600 | 0 | @a爱因斯坦@c(Einstein, Albert@f1879-1955)@x生平事迹 |
| 606 | 0 | @a物理学家@x生平事迹@y美国@z现代 |
| 690 | @aK837.126.11=532@v5 | |
| 690 | @aK837.126@v4 | |
| 701 | 0 | @c(美)@a奥弗比@9ao fu bi@c(Overbye, Dennis)@4著 |
| 702 | 0 | @a冯承天@9feng cheng tian@4译 |
| 702 | 0 | @a涂泓@9tu hong@4译 |
| 801 | 0 | @aCN@b91MARC@c20160923 |
| 905 | @aMuseLib@dK837.126@e945 | |
| 恋爱中的爱因斯坦:科学罗曼史/(美)丹尼斯·奥弗比著/冯承天,涂泓译.-上海:上海科技教育出版社,2016 |
| 502页;23cm |
| 爱因斯坦书系 |
| ISBN 978-7-5428-6145-0:CNY74.00 |
| 20世纪初是一个科学发现的时代,的爱因斯坦则是其中响亮的名字。他在那个激动人心的年代里作出了一系列影响深远的科学发现,先后创立狭义相对论和广义相对论,从根本上改变了物质、空间和时间的概念,解释了引力的本质,并首先窥见了原子中心的量子混沌。正是这些知识巨变的柱石成就了爱因斯坦,使他成为一代科学明星。与此对照的是,年轻时的爱因斯坦风流倜傥,先后与玛丽、米列娃、埃尔莎发生恋爱关系。她们相继走入爱因斯坦的情感世界,并对爱因斯坦的科学生活产生了重要影响,终促成了一部科学罗曼史。本书在新近发现的大量史料基础上写成,力图对青年时代的爱因斯坦进行完整的阐述,不但探索他神圣的一面,同时也描述他凡俗的一面,是一部融科学思想和个人情感于一体的独特作品。 |
| ● |
| 相关链接 |
|
|
|
|
正题名:恋爱中的爱因斯坦
索取号:K837.126/945
 
预约/预借
| 序号 | 登录号 | 条形码 | 馆藏地/架位号 | 状态 | 备注 |
| 1 | 1116189 | 211161892 | 第二样本阅览室/ [索取号:K837.126/945] | 在馆 | |
| 2 | 1116190 | 211161909 | 教育系资料室/ [索取号:K837.126/945] | 在馆 | |
| 3 | 1116191 | 211161918 | 教育系资料室/ [索取号:K837.126/945] | 在馆 | |
| 4 | 1116192 | 211161927 | 第二借阅区/ [索取号:K837.126/945] | 在馆 |